|
|
|
|
| LEADER |
00000nam#a22000001a#4500 |
| 001 |
00034849 |
| 003 |
AR-BaUAD |
| 005 |
20240916135036.0 |
| 008 |
2307 0s1999####xxuao||##||||||||#||eng|d |
| 020 |
|
|
|a 0789302586
|
| 040 |
|
|
|a AR-BaUAD
|b spa
|c AR-BaUAD
|
| 041 |
|
|
|a eng
|
| 044 |
|
|
|c us
|2 ISO3166-1
|
| 080 |
|
|
|a 7.012
|
| 080 |
|
|
|a 7.072.3
|
| 080 |
|
|
|a 7.073
|
| 245 |
0 |
0 |
|a Sampler :
|b Contemporary Music Graphics /
|c written and designed by Intro
|
| 260 |
|
|
|a New York :
|b Universe,
|c c1999
|
| 300 |
|
|
|a 143 p. :
|b il., fot., láms.
|
| 505 |
|
|
|a Sampler muestra las recientes tapas, portadas, sobres y envases de ediciones de CD ́s y álbumes musicales. Muestra el trabajo de diseñadores gráficos innovadores y atrevidos en USA y Europa.
|
| 500 |
|
|
|a Foreword. Nobody ever bought a record because they liked the cover / Adrian Shaughnessy: p. 4-22.
|
| 500 |
|
|
|a Notes: p. 23.
|
| 500 |
|
|
|a [Disc]redits: p. 142.
|
| 504 |
|
|
|a Bibliography / Articles: p. 143.
|
| 700 |
1 |
|
|a Shaughnessy, Adrian
|4 dir. ed.
|
| 710 |
2 |
|
|a Intro ([New York])
|
| 653 |
|
|
|a DISEÑO GRAFICO
|
| 653 |
|
|
|a TAPAS DE DISCOS
|
| 653 |
|
|
|a CD ROMS
|
| 653 |
|
|
|a GRAFICA
|
| 653 |
|
|
|a PACKAGING
|
| 653 |
|
|
|a DISEÑADORES GRAFICOS
|
| 653 |
|
|
|a ANALISIS
|
| 653 |
|
|
|a SAVILLE, PETER
|
| 653 |
|
|
|a SAGMEISTER, STEFAN
|
| 653 |
|
|
|a OLIVER, VAUGHAN
|
| 653 |
|
|
|a TOMATO
|
| 653 |
|
|
|a THE DESIGNERS REPUBLIC
|
| 653 |
|
|
|a ESTADOS UNIDOS
|
| 653 |
|
|
|a EUROPA
|
| 653 |
|
|
|a REINO UNIDO
|
| 653 |
|
|
|a SUIZA
|
| 653 |
|
|
|a FRANCIA
|
| 653 |
|
|
|a SIGLO XX
|
| 655 |
|
|
|a CATÁLOGO
|
| 852 |
|
|
|c 87-1
|
| 952 |
|
|
|0 0
|1 0
|4 0
|6 871
|7 0
|9 43234
|a AR-BaUAD
|b AR-BaUAD
|d 2023-07-06
|e Donac. Paola Reale
|g 25500.00
|i 36889
|l 0
|o 87-1
|p 36889
|r 2024-09-16 13:50:35
|w 2024-09-16
|y BK
|
| 990 |
|
|
|a Ej. N° 1 : 36889 . 2023-07-06 -- Donac. Paola Reale -- (25500 pesos).
|b ADM
|
| 990 |
|
|
|a DG199
|b TD
|
| 990 |
|
|
|a RNJ
|b OP
|
| 990 |
|
|
|a AAQ00034849
|b CC
|
| 998 |
|
|
|a AAQ
|b Bibun 76
|
| 942 |
|
|
|c BKS
|
| 999 |
|
|
|c 23104
|d 23104
|